000 00218nam a22000857a 4500
008 170620b xxu||||| |||| 00| 0 eng d
100 _93543
_aAggrawal. A
245 _aSome common elements
260 _aNew Delhi
_bN. B. T
_c1993
999 _c6927
_d6927